International politics in a revolutionary age / (Запис № 512126)

МАРК-запис
000 -LEADER
fixed length control field 01121cam a2200253M 4500
001 - CONTROL NUMBER
control field internationalpol00kuls
003 - CONTROL NUMBER IDENTIFIER
control field CaSfIA
005 - DATE AND TIME OF LATEST TRANSACTION
control field 20210118103238.0
007 - PHYSICAL DESCRIPTION FIXED FIELD--GENERAL INFORMATION
fixed length control field cr||||
008 - FIXED-LENGTH DATA ELEMENTS--GENERAL INFORMATION
fixed length control field 091122s1964 nyu 000 u eng d
040 ## - CATALOGING SOURCE
Original cataloging agency DKDLA
Language of cataloging dan
Transcribing agency DKDLA
Modifying agency CaSfIA
035 ## - SYSTEM CONTROL NUMBER
System control number (OCoLC)468517472
029 0# - (OCLC)
OCLC library identifier DKDLA
System control number 22353950
029 1# - (OCLC)
OCLC library identifier DKDLA
System control number 18603884
100 1# - MAIN ENTRY--PERSONAL NAME
Personal name Kulski, Wadysaw W.
245 10 - TITLE STATEMENT
Title International politics in a revolutionary age /
Medium [electronic resource]
Statement of responsibility, etc by W. W. Kulski.
260 ## - PUBLICATION, DISTRIBUTION, ETC. (IMPRINT)
Place of publication, distribution, etc New York,
Date of publication, distribution, etc 1964.
300 ## - PHYSICAL DESCRIPTION
Extent XIV, 650 s.
506 ## - RESTRICTIONS ON ACCESS NOTE
Standardized terminology for access restriction Необхідна авторизація на https://archive.org/ (створення облікового запису безкоштовно)
506 ## - RESTRICTIONS ON ACCESS NOTE
Standardized terminology for access restriction Необхідна авторизація на https://openlibrary.org/ (створення облікового запису безкоштовно)
856 41 - ELECTRONIC LOCATION AND ACCESS
Uniform Resource Identifier <a href="http://www.archive.org/details/internationalpol00kuls">http://www.archive.org/details/internationalpol00kuls</a>
Public note Free eBook from the Internet Archive
856 42 - ELECTRONIC LOCATION AND ACCESS
Uniform Resource Identifier <a href="http://www.openlibrary.org/books/OL24236896M">http://www.openlibrary.org/books/OL24236896M</a>
Public note Additional information and access via Open Library
942 ## - ADDED ENTRY ELEMENTS (KOHA)
Koha item type ЕКнига

Немає доступних примірників.